000 00510nam a2200205Ia 4500
003 0100
008 130303s9999 xx 000 0 und d
040 _cARRUPELIB
050 _aBD421.D76
100 _aDucasse, Curt John
245 4 _aThe belief in a life after death
245 _ba critical examination
260 _aSpringfield
260 _bCharles C. Thomas
260 _C1961
300 _axvii
300 _b 318p. 24cm.
440 _aAmerican Lecture Series ; No. 423
942 _2lcc
_02
999 _c60315
_d60315